NBA Top 50 Career Points In The Playoffs - Statistics

General Stats
  • This quiz has been taken 200 times
    85 since last reset
  • The average score is 35 of 50
Answer Stats
# Player Name Total Points % Correct
1. LeBron James 8,289
100%
2. Michael Jordan 5,987
97%
4. Kobe Bryant 5,640
96%
5. Shaquille O'Neal 5,250
93%
10. Stephen Curry 4,147
93%
3. Kareem Abdul-Jabbar 5,762
92%
13. Larry Bird 3,897
92%
9. Jerry West 4,457
90%
8. Karl Malone 4,761
89%
7. Kevin Durant 4,985
89%
17. Magic Johnson 3,701
86%
6. Tim Duncan 5,172
85%
21. Wilt Chamberlain 3,607
85%
18. Dirk Nowitzki 3,663
84%
42. Kevin Garnett 2,601
82%
19. Scottie Pippen 3,642
82%
14. James Harden 3,895
81%
30. Russell Westbrook 3,003
81%
16. Hakeem Olajuwon 3,755
79%
36. Charles Barkley 2,833
78%
25. Dennis Johnson 3,116
78%
12. Dwayne Wade 3,954
78%
48. John Stockton 2,436
78%
23. Paul Pierce 3,180
78%
40. Bill Russell 2,673
75%
39. Ray Allen 2,749
75%
11. Tony Parker 4,045
75%
26. Julius Erving 3,088
74%
15. John Havlicek 3,776
73%
24. Kawhi Leonard 3,133
73%
28. Klay Thompson 3,032
73%
22. Kevin McHale 3,182
71%
31. Chris Paul 2,981
64%
29. James Worthy 3,022
63%
27. Manu Ginobili 3,054
63%
38. Patrick Ewing 2,813
62%
20. Elgin Baylor 3,623
60%
33. Clyde Drexler 2,963
58%
37. Robert Parish 2,820
56%
47. Nikola Jokic 2,440
55%
32. Reggie Miller 2,972
55%
35. Jayson Tatum 2,872
51%
49. Paul George 2,416
51%
45. Jaylen Brown 2,523
49%
44. Chauncey Billups 2,526
42%
50. Rasheed Wallace 2,384
42%
34. Sam Jones 2,909
40%
41. Jimmy Butler 2,664
34%
43. Richard Hamilton 2,571
22%
46. Byron Scott 2,451
19%
No matching quizzes found
Score Distribution
Percent of People with Each Score
Percentile by Number Answered
Your Score History
You have not taken this quiz since the last reset